00496nas a22001457a 4500008004100000022001400041245006400055260007200119300000900191310001400200546001400214650001900228650001600247856008700263130314t20109999ag ||||| |||| 00| 0 spa d a1669-2411 aRevista de la Asociacion Medica Argentina de Anticoncepcion aBuenos Aires:bAsociacion Medica Argentina de Anticoncepcion,c2010 av. : asemestral aespañol aANTICONCEPCION aGINECOLOGIA uhttp://www.amada.org.ar/prof_revista.phpzSolo permite ver los indices, click aqui